Spanish Speaking Countries - Statistics

General Stats
  • This quiz has been taken 136 times
  • The average score is 18 of 21
Answer Stats
Picture Answer % Correct
Argentina
97%
Mexico
97%
Spain
94%
Chile
92%
El Salvador
92%
Peru
92%
Colombia
89%
Dominican Republic
89%
Paraguay
89%
Uruguay
89%
Bolivia
86%
Costa Rica
86%
Ecuador
86%
Honduras
86%
Panama
86%
Cuba
83%
Guatemala
83%
Venezuela
83%
Nicaragua
75%
Puerto Rico
64%
Equatorial Guinea
56%
No matching quizzes found
Score Distribution
Percent of People with Each Score
Percentile by Number Answered
Your Score History
You have not taken this quiz